00457nam a2200121 a 4500008004100000050002300041110004700064245005600111260003700167350000900204650003900213710008300252100203s1975 ||||||||||||||||| || u aGOV.ZAM(02)1975/6A aGovernment of the Republic of Zambia (GRZ)10aNdola development plan, the written analysis. vol 1 aLusakabGovernment Printerc1975 a0.00 aLOCAL GOVERNMENT--DEVELOPMENT PLAN aGovernment of the Republic of Zambia. Ministry of Local Government and Housing